Leadership Wisdom (Record no. 203475)

MARC details
000 -LEADER
fixed length control field 00478nam a22001697a 4500
003 - CONTROL NUMBER IDENTIFIER
control field OSt
005 - DATE AND TIME OF LATEST TRANSACTION
control field 20260407120038.0
008 - FIXED-LENGTH DATA ELEMENTS--GENERAL INFORMATION
fixed length control field 260407b |||||||| |||| 00| 0 eng d
020 ## - INTERNATIONAL STANDARD BOOK NUMBER
International Standard Book Number 9788179922316
040 ## - CATALOGING SOURCE
Transcribing agency Donated
082 ## - DEWEY DECIMAL CLASSIFICATION NUMBER
Edition number 53 imperssion
Classification number 658/Sha
Item number SBPIMD298
100 ## - MAIN ENTRY--PERSONAL NAME
Personal name Sharma, Robin
245 ## - TITLE STATEMENT
Title Leadership Wisdom
Remainder of title from the Monk who sold his Ferrari
Medium English
260 ## - PUBLICATION, DISTRIBUTION, ETC.
Place of publication, distribution, etc. India
Name of publisher, distributor, etc. Jaico Publishing House
Date of publication, distribution, etc. 2017
300 ## - PHYSICAL DESCRIPTION
Extent 254
942 ## - ADDED ENTRY ELEMENTS (KOHA)
Source of classification or shelving scheme Dewey Decimal Classification
Koha item type Donated Book
Call number prefix 658
Call number suffix Sha
Suppress in OPAC No
Holdings
Date last seen Total Checkouts Full call number Barcode Price effective from Koha item type Lost status Source of classification or shelving scheme Damaged status Not for loan Withdrawn status Home library Current library Shelving location Date acquired Cost, normal purchase price Net Amount Language
07/04/2026   658/Sha SBPIMD298 07/04/2026 Donated Book   Dewey Decimal Classification       SBPIM SBPIM General Stacks 06/04/2026 275.00 275 ENGLISH